000 01441nam a2200373 c 4500
003 BLK
005 20240623004051.0
008 180412b bul|||||r ||||||| ||bul||
010 _aKNG00010474000
020 _a954-439-397-8
_bиздат.: Слово
040 _aBLK
041 _aBUL
_cBUL
080 _aБългарска литература
_b821.163.2
_x(092)
_z821.163.2(092)
080 _aБългарска литература
_b821.163.2
_x.09
_z821.163.2.09
080 _aБългарски писател
_b929 Йовков, Йордан Стефанов
_x
_z929 Йовков, Йордан Стефанов
100 1 _aСтанков, Иван
_eпърви автор
_9364260
139 _aСтанков, Иван
_bИ 77
245 1 0 _aЙовковото творчество
_cИван Станков.
257 _aBGR
260 В. Търново
_bСлово
_c1995
300 _a144 с.
_c20 см
380 _a82
490 1 _aПоредица Върхове
500 _aДеп. списък: 51 ; 3 000 тир Геогр. руб.: България
650 4 _aБългарска литература, 1878-1944 г.
_9247058
650 0 _aПисатели, български
_9241944
653 _aтворчество
852 _aЦб 185228
856 4 _qpdf
_u
856 4 _qpdf
_u
942 _cKNG
_n0
944 _aCR
_c15.01.2003
_k
_lCRON CRON
944 _aED
_c13.10.2005
_k
999 _c9074
_d9074